Current practice in critical care. (Record no. 3426)
[ view plain ]
| 000 -LEADER | |
|---|---|
| fixed length control field | 00647nac a22001931u 4500 |
| 008 - FIXED-LENGTH DATA ELEMENTS--GENERAL INFORMATION | |
| fixed length control field | 170913s1979 enka frb 000 0 eng d |
| 020 ## - INTERNATIONAL STANDARD BOOK NUMBER | |
| International Standard Book Number | 0801635217 |
| 020 ## - INTERNATIONAL STANDARD BOOK NUMBER | |
| International Standard Book Number | 0801635225 |
| 040 ## - CATALOGING SOURCE | |
| Original cataloging agency | EG-ScBUE |
| Language of cataloging | eng |
| Transcribing agency | EG-ScBUE |
| Modifying agency | EG-ScBUE |
| 082 04 - DEWEY DECIMAL CLASSIFICATION NUMBER | |
| Edition number | 22 |
| Classification number | 610.736 |
| Item number | CUR |
| 245 00 - TITLE STATEMENT | |
| Title | Current practice in critical care. |
| 260 ## - PUBLICATION, DISTRIBUTION, ETC. (IMPRINT) | |
| Place of publication, distribution, etc | St. Louis : |
| Name of publisher, distributor, etc | The C. V. Mosby Company, |
| Date of publication, distribution, etc | 1979. |
| 300 ## - PHYSICAL DESCRIPTION | |
| Extent | v. 1 : |
| Other physical details | ill. ; |
| Dimensions | 25 cm. |
| 490 0# - Series Statement | |
| Series statement | Mosby's current practice and perspectives in nursing series |
| 504 ## - BIBLIOGRAPHY, ETC. NOTE | |
| Bibliography, etc | Includes bibliographical references. |
| 541 ## - IMMEDIATE SOURCE OF ACQUISITION NOTE | |
| Source of acquisition | Donation from Bibliotheca Alexandrina. |
| 653 ## - INDEX TERM--UNCONTROLLED | |
| Resource For college | Nursing |
| Arrived date list | September2017 |
| 942 ## - ADDED ENTRY ELEMENTS (KOHA) | |
| Item type | Book - Borrowing |
| Call number prefix | 610.736 |
| Source of classification or shelving scheme | Dewey Decimal Classification |
| Withdrawn status | Item status | Source of classification or shelving scheme | Damaged status | Not for loan | Home library | Current library | Shelving location | Date acquired | Source of acquisition | Full call number | Barcode | Date last seen | Koha item type | Total Checkouts | Total Renewals | Checked out | Date last borrowed |
|---|---|---|---|---|---|---|---|---|---|---|---|---|---|---|---|---|---|
| Dewey Decimal Classification | Central Library | Central Library | First floor | 07/04/2010 | Purchase | 610.736 CUR | 000030293 | 15/07/2025 | Book - Borrowing | ||||||||
| Dewey Decimal Classification | Central Library | Central Library | First floor | 07/04/2011 | Purchase | 610.736 CUR | 000030294 | 11/06/2024 | Book - Borrowing | 1 | 1 | 08/01/2025 | 11/06/2024 |